[Event "GER-chT North U12"]
[Site "Magdeburg"]
[Date "2014.09.13"]
[Round "6.2"]
[White "Wettlaufer, Tilo"]
[Black "Meyling, Lennart"]
[Result "1/2-1/2"]
[WhiteElo "1143"]
[BlackElo "1638"]
[PlyCount "84"]
[EventDate "2014.09.11"]
[EventType "team-swiss"]
[EventRounds "7"]
[EventCountry "GER"]
[SourceTitle "EXT 2016"]
[Source "ChessBase"]
[SourceDate "2015.10.08"]
[SourceVersion "1"]
[SourceVersionDate "2015.10.08"]
[SourceQuality "1"]
[WhiteTeam "Bremen West"]
[BlackTeam "Hamburg"]
[WhiteTeamCountry "GER"]
[BlackTeamCountry "GER"]

1. e4 c5 2. Nf3 Nf6 3. Nc3 d5 4. Bb5+ Bd7 5. Bxd7+ Qxd7 6. exd5 Nxd5 7. 0-0 e6 8. d4 cxd4 9. Nxd4 Nxc3 10. bxc3 Bd6 11. Bb2 0-0 12. Nb3 Qc7 13. g3 Be5 14. Qf3 Nc6 15. Rad1 Rfd8 16. Rd3 Nb4 17. cxb4 Rxd3 18. Qxd3 Bxb2 19. Rd1 Bf6 20. Qd7 Qd8 21. Qxd8+ Rxd8 22. Rxd8+ Bxd8 23. c4 Kf8 24. f4 Ke7 25. Kf2 Kd6 26. Ke3 b6 27. Nd4 a6 28. g4 h6 29. a4 g5 30. f5 e5 31. Nf3 f6 32. Nd2 Kc6 33. Kd3 b5 34. a5 Kd7 35. c5 Kc6 36. Ke4 Bc7 37. h3 Bd8 38. Nb1 Be7 39. Nc3 Bf8 40. Nd5 Bg7 41. Ne7+ Kd7 42. Ng6 Kc6 1/2-1/2